[Event "FICGS rapid M 000115 email"]
[Site "FICGS email"]
[Date "2020.05.21"]
[Round "1"]
[White "Battaglia, Roberto"]
[Black "Slawomir, Weglicki"]
[Result "1/2-1/2"]
[WhiteElo "2178"]
[BlackElo "2151"]
[PlyCount "65"]
[EventDate "2020.??.??"]
[EventType "tourn (rapid)"]
[EventRounds "6"]
[SourceTitle "Corr 2022"]
[Source "ChessBase"]
[SourceDate "2021.10.24"]
[SourceVersion "1"]
[SourceVersionDate "2021.10.24"]
[SourceQuality "1"]

1. d4 Nf6 2. c4 g6 3. Nf3 Bg7 4. Nc3 d5 5. Qb3 dxc4 6. Qxc4 0-0 7. e4 a6 8. Be2 b5 9. Qb3 c5 10. dxc5 Bb7 11. e5 Nfd7 12. Be3 Nxe5 13. Nxe5 Bxe5 14. Rd1 Qc7 15. Nd5 Bxd5 16. Qxd5 Nc6 17. Bf3 Rac8 18. Qxc6 Qxc6 19. Bxc6 Rxc6 20. Rd2 f5 21. f4 Bf6 22. Ke2 Kf7 23. Rhd1 Re8 24. Kf3 a5 25. Rd3 h5 26. g3 Rb8 27. R1d2 b4 28. b3 a4 29. Rd7 axb3 30. axb3 Ra6 31. h3 Ra3 32. R2d3 Ra2 33. Rd2 1/2-1/2